The islamic resurgence : (Record no. 125018)
[ view plain ]
| 000 -LEADER | |
|---|---|
| fixed length control field | 00694nam a22002297a 4500 |
| 005 - DATE AND TIME OF LATEST TRANSACTION | |
| control field | 20170124105947.0 |
| 010 ## - LIBRARY OF CONGRESS CONTROL NUMBER | |
| LC control number | A-725132 |
| 020 ## - INTERNATIONAL STANDARD BOOK NUMBER | |
| Terms of availability | 18.00 |
| 035 ## - SYSTEM CONTROL NUMBER | |
| System control number | A-725132 |
| 037 ## - SOURCE OF ACQUISITION | |
| Source of stock number/acquisition | Cen Lib/Ret |
| 040 ## - CATALOGING SOURCE | |
| Original cataloging agency | DPL |
| Language of cataloging | EN |
| 082 ## - DEWEY DECIMAL CLASSIFICATION NUMBER | |
| Classification number | 270.61 |
| Item number | SUR |
| 245 ## - TITLE STATEMENT | |
| Title | The islamic resurgence : |
| Statement of responsibility, etc | edited by A.A. Suroor |
| Remainder of title | a seminar / |
| 260 ## - PUBLICATION, DISTRIBUTION, ETC. (IMPRINT) | |
| Place of publication, distribution, etc | Srinagar |
| Name of publisher, distributor, etc | Iqbal Institute University of Kashmir |
| 270 ## - ADDRESS | |
| City | Srinagar |
| 300 ## - PHYSICAL DESCRIPTION | |
| Extent | xii,118p. |
| Dimensions | 21cm(Hb) |
| 490 ## - SERIES STATEMENT | |
| Series statement | Iqbal Institute Publication Series 14 |
| 650 ## - SUBJECT ADDED ENTRY--TOPICAL TERM | |
| Topical term or geographic name as entry element | Islam--Doctrines |
| 9 (RLIN) | 74320 |
| 650 ## - SUBJECT ADDED ENTRY--TOPICAL TERM | |
| Topical term or geographic name as entry element | Islam -- 20th century -- Congresses. |
| 9 (RLIN) | 12701 |
| 700 ## - ADDED ENTRY--PERSONAL NAME | |
| Personal name | Suroor, A.A. |
| 9 (RLIN) | 74321 |
| 942 ## - ADDED ENTRY ELEMENTS (KOHA) | |
| Source of classification or shelving scheme | Dewey Decimal Classification |
| Koha item type | English Books |
| Classification part | 270.61 |
| Call number suffix | SUR |
| Withdrawn status | Lost status | Damaged status | Not for loan | Home library | Current library | Date acquired | Source of acquisition | Cost, normal purchase price | Total Checkouts | Full call number | Barcode | Date last seen | Copy number | Cost, replacement price | Price effective from | Koha item type | Public note |
|---|---|---|---|---|---|---|---|---|---|---|---|---|---|---|---|---|---|
| Written off | Central Library | Central Library | 19/06/2015 | Cen Lib/Ret | 18.00 | 270.61 SUR | A-725132 | 19/06/2015 | 1 | 18.00 | 19/06/2015 | English Books | W/d list no. 6832/16 |
